| 000 | 00383nam a22001457a 4500 | ||
|---|---|---|---|
| 005 | 20231208085207.0 | ||
| 008 | 231208b |||||||| |||| 00| 0 eng d | ||
| 082 |
_a891.4 _bHAM |
||
| 100 | _aHamza, Chishti | ||
| 245 | _aMuselma Kazaab se Muselma Punjab Tak | ||
| 260 |
_aLahore _bFarid Book Stall _c2021 |
||
| 300 | _a284 | ||
| 650 | _aLiterature/Other Literature/Urdu | ||
| 999 |
_c34843 _d34843 |
||